000 00305nam a2200121Ia 4500
008 220216s9999 xx 000 0 und d
100 _aMajumdar Samir
245 0 _aKnow your radial tyre better
260 _bRubber International Magazine
_c2009
300 _a44-49
650 _aRadial tyre
942 _cJS
999 _c61878
_d61878